书目信息 |
| 书名: | courts in american politics | |
| 作者: | Henry R.Glick. | |
| 分册号: | ||
| 分册名: | 出版地: | New York : |
|
| 出版社: | McGraw-Hill Publishing Company | |
| 出版时间: | 1990. | |
| 页数: | 405 p. ; | |
| 开本: | 20cm. | |
| 丛书名: | ||
| 中图分类号: | ||
| 科图分类号: | ||
| 其他分类号: | D971.25 | |
| 主题词: | ||
| 电子资源: | ||
| 000 | 00409nam 2200133 a 4500 | |
| 001 | E0756142919 | |
| 005 | 20070320154841.64 | |
| 008 | 070320s1990 00010 eng | |
| 040 | @aPFT@beng | |
| 090 | @aD971.25 | |
| 099 | @dD971.25@ex50 | |
| 245 | @acourts in american politics :@bReadings and Introductory Essays / @cHenry R.Glick. | |
| 260 | @aNew York :@bMcGraw-Hill Publishing Company,@c1990. | |
| 300 | @a405 p. ;@c20cm. | |
| courts in american politics : : Readings and Introductory Essays / / Henry R.Glick.-New York : : McGraw-Hill Publishing Company, , 1990. |
| 405 p. ; ; 20cm. |
| ISBN |
| ● |
| 相关链接 |
|
|
|
|
正题名:courts in american politics
索取号:D971.25/x50
 
预约/预借
| 序号 | 登录号 | 条形码 | 馆藏地/架位号 | 状态 | 备注 |
| 1 | 0003407 | 300034077 | 第二样本阅览室/ [索取号:D971.25/x50] | 在馆 |